Sintetičeskije almazy : Naučno-proizvodstvennyj sbornik

Na minha lista:
Detalhes bibliográficos
Formato: Livro
Idioma:russo
Publicado em: Kijev : Naukova dumka, 1975
Assuntos:
Tags: Adicionar Tag
Sem tags, seja o primeiro a adicionar uma tag!

MARC

LEADER 00000nam a22000003a 4500
001 stu41990
005 20141122045425.5
008 940203s1975----xxr-----------------rus-d
040 |a STU  |b slo 
041 0 |a rus 
044 |a xxr 
080 |a 666.232 
245 |a Sintetičeskije almazy :  |b Naučno-proizvodstvennyj sbornik 
260 |a Kijev :  |b Naukova dumka,  |c 1975 
300 |a 95 s 
650 7 |a diamanty syntetické  |2 stusub 
996 |b 284M003439  |c M*4301/5-1  |l MMKN  |s A  |a 24  |w stu41990_0001